[Event "DSOL 01 Liga Gr-D 1st"]
[Site "Playchess.com INT"]
[Date "2020.07.06"]
[Round "3.4"]
[White "Grenz, Tobias"]
[Black "Dumjahn, Carsten"]
[Result "1-0"]
[WhiteElo "1889"]
[BlackElo "1945"]
[PlyCount "93"]
[EventDate "2020.06.22"]
[EventType "team-tourn (rapid)"]
[EventCountry "GER"]
[SourceTitle "EXT 2021"]
[Source "ChessBase"]
[SourceDate "2020.10.23"]
[SourceVersion "1"]
[SourceVersionDate "2020.10.23"]
[SourceQuality "1"]
[WhiteTeam "Landau"]
[BlackTeam "Eppendorf Johanneum"]
[WhiteTeamCountry "GER"]
[BlackTeamCountry "GER"]

1. d4 d5 2. c4 e6 3. Nc3 c5 4. cxd5 exd5 5. Nf3 Nc6 6. Bg5 Be7 7. Be3 c4 8. g3 b5 9. a3 Nf6 10. Bg2 Be6 11. 0-0 0-0 12. Ne5 Qb6 13. b3 Rac8 14. bxc4 bxc4 15. Qc2 Rfd8 16. Rfb1 Qa5 17. Nxc6 Rxc6 18. Bd2 Qa6 19. a4 Qc8 20. Rb5 a6 21. Rb2 Bf5 22. Qd1 Qe6 23. a5 Ne4 24. Bxe4 Bxe4 25. f3 Bg6 26. e4 dxe4 27. d5 Rxd5 28. Nxd5 Qxd5 29. Rb8+ Bd8 30. Bg5 Qxd1+ 31. Rxd1 f6 32. Rd7 Kf8 33. Rdxd8+ Ke7 34. Be3 exf3 35. Rdc8 Kd7 36. Rxc6 Kxc6 37. Rb6+ Kd5 38. Rxa6 Ke4 39. Kf2 c3 40. Rc6 Kd3 41. a6 Be4 42. Rd6+ Kc2 43. a7 Kb1 44. Rb6+ Kc2 45. Rb8 Kd1 46. a8Q Bxa8 47. Rxa8 1-0

[Event "Blankenese op 3rd"]
[Site "Hamburg"]
[Date "2019.10.03"]
[Round "1"]
[White "Dumjahn, Carsten"]
[Black "Mi, Gufeng"]
[Result "1/2-1/2"]
[WhiteElo "2023"]
[BlackElo "1550"]
[PlyCount "96"]
[EventDate "2019.10.03"]
[EventType "swiss"]
[EventRounds "7"]
[EventCountry "GER"]
[SourceTitle "EXT 2023"]
[Source "ChessBase"]
[SourceDate "2022.10.05"]
[SourceVersion "1"]
[SourceVersionDate "2022.10.05"]
[SourceQuality "1"]

1. Nf3 Nf6 2. c4 g6 3. d4 Bg7 4. Nc3 d6 5. Bg5 h6 6. Bh4 g5 7. Bg3 Bf5 8. e3 Nbd7 9. Be2 c6 10. 0-0 Nh5 11. Nd2 Nxg3 12. hxg3 0-0 13. f4 e6 14. Nf3 Bh7 15. Qd2 f5 16. d5 cxd5 17. Nd4 Qe7 18. cxd5 Bxd4 19. exd4 Nf6 20. Bc4 Rac8 21. Bb3 Ne4 22. Nxe4 fxe4 23. dxe6 Bf5 24. Rfe1 g4 25. d5 h5 26. Kf2 h4 27. Qd4 hxg3+ 28. Kxg3 Qg7 29. Qxg7+ Kxg7 30. Rh1 Kg6 31. Rac1 a6 32. a4 Kf6 33. a5 Ke7 34. Rhd1 Rh8 35. Kf2 Kd8 36. Ke3 Rh2 37. Rxc8+ Kxc8 38. Rd2 Kd8 39. Bc2 Rh1 40. Re2 Ra1 41. Bxe4 Bxe4 42. Kxe4 Ra4+ 43. Kf5 Ke7 44. Kxg4 Rxa5 45. Rd2 Rc5 46. Kg5 Rc8 47. f5 Rg8+ 48. Kf4 b5 1/2-1/2

[Event "Hamburg-chT Landesliga 1819"]
[Site "Hamburg"]
[Date "2019.04.13"]
[Round "8.6"]
[White "Dumjahn, Carsten"]
[Black "Schroeder, Raymond"]
[Result "1-0"]
[WhiteElo "2076"]
[BlackElo "1977"]
[PlyCount "69"]
[EventDate "2018.10.21"]
[EventType "team-tourn"]
[EventRounds "9"]
[EventCountry "GER"]
[SourceTitle "EXT 2020"]
[Source "ChessBase"]
[SourceDate "2019.10.17"]
[SourceVersion "1"]
[SourceVersionDate "2019.10.17"]
[SourceQuality "1"]
[WhiteTeam "Johanneum Eppendorf II"]
[BlackTeam "Barmbek"]
[WhiteTeamCountry "GER"]
[BlackTeamCountry "GER"]

1. Nf3 d5 2. e3 Nf6 3. c4 e6 4. d4 Be7 5. Nc3 0-0 6. b3 c5 7. Bb2 cxd4 8. exd4 Nc6 9. Bd3 b6 10. 0-0 Bb7 11. Re1 Nb4 12. Be2 Rc8 13. Rc1 dxc4 14. bxc4 Bxf3 15. Bxf3 Rxc4 16. d5 Nfxd5 17. Qb3 Rc5 18. Rcd1 Qc7 19. Na4 Rc4 20. Be5 Qc8 21. Nb2 Rc6 22. a3 Nc2 23. Re4 Nc3 24. Rg4 f6 25. Bxc6 Nxd1 26. Qxc2 Nxf2 27. Kxf2 fxe5+ 28. Kg3 Bc5 29. Be4 h5 30. Rg5 Qe8 31. Bh7+ Kh8 32. Qg6 Bf2+ 33. Kh3 Qd7 34. Qxh5 Rf4 35. g3 1-0

[Event "Hamburg-chT Landesliga 1819"]
[Site "Hamburg"]
[Date "2019.01.20"]
[Round "5.6"]
[White "Dumjahn, Carsten"]
[Black "Varain, Ernst Helmuth"]
[Result "1/2-1/2"]
[WhiteElo "2076"]
[BlackElo "2066"]
[PlyCount "88"]
[EventDate "2018.10.21"]
[EventType "team-tourn"]
[EventRounds "9"]
[EventCountry "GER"]
[SourceTitle "EXT 2020"]
[Source "ChessBase"]
[SourceDate "2019.10.17"]
[SourceVersion "1"]
[SourceVersionDate "2019.10.17"]
[SourceQuality "1"]
[WhiteTeam "Johanneum Eppendorf II"]
[BlackTeam "Grosshansdorf"]
[WhiteTeamCountry "GER"]
[BlackTeamCountry "GER"]

1. Nf3 Nf6 2. d4 g6 3. c4 Bg7 4. Nc3 d5 5. Qa4+ Bd7 6. Qb3 dxc4 7. Qxc4 0-0 8. Bf4 Na6 9. e4 c6 10. Be2 Be6 11. Qd3 Qb6 12. 0-0 Rfd8 13. Rfd1 Ne8 14. Be3 Qa5 15. Qc2 Bg4 16. a3 Bxf3 17. Bxf3 Qc7 18. g3 e5 19. dxe5 Bxe5 20. Bg2 Qe7 21. Rxd8 Qxd8 22. Rd1 Qe7 23. f4 Bc7 24. Qf2 Nd6 25. Qe2 Qe6 26. Bf2 Bb6 27. Bxb6 axb6 28. e5 Ne8 29. Ne4 Nac7 30. Qd3 h6 31. Qd7 Rb8 32. Qxe6 Nxe6 33. Rd7 Nc5 34. Nxc5 bxc5 35. Be4 Ng7 36. Kf2 Ne6 37. Ke3 Kf8 38. f5 gxf5 39. Bxf5 Nd4 40. Be4 Ke8 41. Rd6 Ne6 42. Bf5 Ke7 43. Bxe6 fxe6 44. Kd3 Rg8 1/2-1/2

[Event "Hamburg-ch MA"]
[Site "Hamburg"]
[Date "2018.05.22"]
[Round "4"]
[White "Keyser, Philipp"]
[Black "Dumjahn, Carsten"]
[Result "1-0"]
[WhiteElo "2005"]
[BlackElo "2032"]
[PlyCount "77"]
[EventDate "2018.05.01"]
[EventType "swiss"]
[EventRounds "9"]
[EventCountry "GER"]
[SourceTitle "EXT 2020"]
[Source "ChessBase"]
[SourceDate "2019.10.17"]
[SourceVersion "1"]
[SourceVersionDate "2019.10.17"]
[SourceQuality "1"]

1. e4 e6 2. d4 d5 3. Nd2 Be7 4. e5 Nh6 5. Bd3 c5 6. c3 cxd4 7. cxd4 Nc6 8. Ne2 0-0 9. 0-0 Nf5 10. Nf3 Bd7 11. Nf4 Nfxd4 12. Nxd4 Nxd4 13. Bxh7+ Kxh7 14. Qxd4 Bb5 15. Rd1 Rc8 16. Nh3 Rc4 17. Qxa7 Qc7 18. Be3 Bc6 19. b3 Rh4 20. Bc5 Rxh3 21. gxh3 Bxc5 22. Qxc5 Qxe5 23. Qe3 Qf5 24. Qd3 g6 25. a4 e5 26. Qxf5 gxf5 27. b4 d4 28. f4 Rg8+ 29. Kf1 f6 30. Ra2 Bd5 31. Rb2 Bf3 32. Rdd2 Rd8 33. b5 e4 34. Rb4 d3 35. Kf2 Rg8 36. Rb1 Rg2+ 37. Ke3 Be2 38. Rh1 Rg8 39. a5 1-0

[Event "Blankenese op 1st"]
[Site "Hamburg"]
[Date "2017.10.03"]
[Round "3.7"]
[White "Dumjahn, Carsten"]
[Black "Lammers, Markus"]
[Result "0-1"]
[WhiteElo "2056"]
[BlackElo "2267"]
[PlyCount "54"]
[EventDate "2017.09.30"]
[EventType "swiss"]
[EventRounds "7"]
[EventCountry "GER"]
[SourceTitle "EXT 2020"]
[Source "ChessBase"]
[SourceDate "2019.10.17"]
[SourceVersion "1"]
[SourceVersionDate "2019.10.17"]
[SourceQuality "1"]

1. Nf3 Nf6 2. e3 g6 3. d4 Bg7 4. c4 0-0 5. Be2 c5 6. 0-0 cxd4 7. Nxd4 Nc6 8. Nc3 d6 9. Nxc6 bxc6 10. Qc2 d5 11. Rd1 Qc7 12. h3 Rd8 13. Bd2 e5 14. cxd5 cxd5 15. Rac1 d4 16. exd4 exd4 17. Nb5 Qxc2 18. Rxc2 d3 19. Ba5 Bf5 20. Rcc1 Rd5 21. Bf3 Rxb5 22. Bxa8 Rxa5 23. g4 Be6 24. Rxd3 h5 25. f3 Rxa2 26. Ra3 Rxb2 27. Rxa7 Nxg4 0-1

[Event "Hamburg-ch"]
[Site "Hamburg"]
[Date "2016.05.14"]
[Round "1"]
[White "Schroeder, Christoph"]
[Black "Dumjahn, Carsten"]
[Result "1/2-1/2"]
[WhiteElo "2217"]
[BlackElo "2038"]
[PlyCount "89"]
[EventDate "2016.05.14"]
[EventType "swiss"]
[EventRounds "9"]
[EventCountry "GER"]
[SourceTitle "EXT 2018"]
[Source "ChessBase"]
[SourceDate "2017.10.13"]
[SourceVersion "1"]
[SourceVersionDate "2017.10.13"]
[SourceQuality "1"]

1. d4 Nf6 2. Nf3 e6 3. e3 c5 4. Bd3 Nc6 5. 0-0 b6 6. c4 Bb7 7. Nc3 Be7 8. b3 0-0 9. dxc5 bxc5 10. Bb2 d5 11. cxd5 exd5 12. Rc1 Rc8 13. Bb1 Qd7 14. Na4 d4 15. exd4 cxd4 16. Nxd4 Nxd4 17. Qxd4 Qb5 18. Qe5 Qxe5 19. Bxe5 Ne4 20. Rfd1 Rxc1 21. Rxc1 Rd8 22. Bf4 Ba3 23. Rf1 Nd2 24. Bxd2 Rxd2 25. f3 g6 26. Nc3 Bc5+ 27. Kh1 Ba6 28. Rd1 Rxd1+ 29. Nxd1 Bd4 30. Bc2 Be2 31. f4 Kf8 32. h3 h6 33. Kh2 g5 34. fxg5 hxg5 35. g4 Ke7 36. Kg2 Bxd1 37. Bxd1 Kd6 38. Kf3 Kc5 39. Ke4 Bb2 40. Be2 f6 41. Bc4 Kb4 42. a4 a5 43. Kd5 Bc3 44. Kc6 Bb2 45. Kb6 1/2-1/2

[Event "Bayern-chI Bank Hofmann 19th"]
[Site "Bad Wiessee"]
[Date "2015.11.06"]
[Round "7"]
[White "Dumjahn, Carsten"]
[Black "Schuster, Karsten"]
[Result "1/2-1/2"]
[WhiteElo "2003"]
[BlackElo "2285"]
[PlyCount "153"]
[EventDate "2015.10.31"]
[EventType "swiss"]
[EventRounds "9"]
[EventCountry "GER"]
[SourceTitle "EXT 2017"]
[Source "ChessBase"]
[SourceDate "2016.10.25"]
[SourceVersion "1"]
[SourceVersionDate "2016.10.25"]
[SourceQuality "1"]

1. e4 c6 2. c4 d5 3. exd5 cxd5 4. cxd5 Nf6 5. Qa4+ Nbd7 6. Nc3 g6 7. Bc4 Bg7 8. Nf3 0-0 9. d3 a6 10. Qa3 b6 11. 0-0 Bb7 12. Re1 b5 13. Bb3 Re8 14. d6 e6 15. Bg5 h6 16. Bh4 Qb6 17. Qb4 Bxf3 18. gxf3 Qb7 19. Re3 Reb8 20. Qa5 Ne8 21. Bg3 Bd4 22. Ne4 Bxe3 23. fxe3 Kh7 24. d4 Rc8 25. Kf2 Nef6 26. Nc3 Nh5 27. Rd1 Nxg3 28. hxg3 Qb8 29. Ne4 f5 30. Nc5 Qxd6 31. Nxe6 Nf6 32. Nf4 Ra7 33. Nd3 Rac7 34. Ne5 Nd7 35. Nd3 Nf6 36. Qd2 Re8 37. Ne5 Kg7 38. Qd3 Nd7 39. Nxd7 Qxd7 40. d5 Qd6 41. e4 fxe4 42. fxe4 Kh7 43. Kg2 Rce7 44. Re1 Qb4 45. Rf1 Qxe4+ 46. Qxe4 Rxe4 47. Rf7+ Kh8 48. d6 Rd8 49. d7 a5 50. Kf3 Re5 51. a3 Re1 52. Kf2 Rc1 53. Be6 Rc6 54. Re7 Rxe6 55. Rxe6 Rxd7 56. Rxg6 Rd2+ 57. Ke3 Rxb2 58. Rxh6+ Kg7 59. Rd6 Kf7 60. Rd2 Rb3+ 61. Rd3 Rb1 62. Kd4 Ke6 63. Kc5 Ke5 64. Re3+ Kf5 65. Kd4 Kg4 66. Rd3 a4 67. Re3 Rb2 68. Rd3 Rg2 69. Re3 Rb2 70. Rd3 b4 71. axb4 Rxb4+ 72. Kc3 Rb3+ 73. Kc2 Rxd3 74. Kxd3 a3 75. Kc3 Kxg3 76. Kb3 Kh2 77. Kxa3 1/2-1/2

[Event "Pinneberg-ch"]
[Site "Pinneberg"]
[Date "2014.??.??"]
[Round "5"]
[White "Atri, Jamshid"]
[Black "Dumjahn, Carsten"]
[Result "1/2-1/2"]
[WhiteElo "1917"]
[BlackElo "2021"]
[PlyCount "88"]
[EventDate "2014.08.21"]
[EventType "swiss"]
[EventRounds "7"]
[EventCountry "GER"]
[SourceTitle "EXT 2017"]
[Source "ChessBase"]
[SourceDate "2016.10.25"]
[SourceVersion "1"]
[SourceVersionDate "2016.10.25"]
[SourceQuality "1"]

1. d4 Nf6 2. Nc3 d5 3. Bg5 Nbd7 4. f3 c6 5. e4 dxe4 6. fxe4 e5 7. dxe5 Qa5 8. Qd2 Ng4 9. e6 fxe6 10. h3 Nge5 11. Nf3 Bb4 12. Be2 0-0 13. Be3 Rd8 14. Rd1 Nf7 15. a3 Bxc3 16. Qxc3 Qxc3+ 17. bxc3 Nf6 18. Rxd8+ Nxd8 19. Bd3 b6 20. 0-0 c5 21. e5 Nd5 22. Bd2 Nf7 23. c4 Ne7 24. Be4 Rb8 25. Ng5 Nxg5 26. Bxg5 Ng6 27. Bxg6 hxg6 28. Rd1 Ba6 29. Rd7 Ra8 30. Be7 Bxc4 31. Kf2 Bd5 32. h4 a5 33. g4 b5 34. c3 b4 35. cxb4 cxb4 36. axb4 a4 37. Rd8+ Rxd8 38. Bxd8 Kf7 39. Bg5 a3 40. Bc1 a2 41. Bb2 Ke7 42. Bc3 Be4 43. b5 Kf7 44. Bb2 Ke7 1/2-1/2

[Event "Pinneberg-ch"]
[Site "Pinneberg"]
[Date "2014.??.??"]
[Round "3"]
[White "Hawranke, Dietrich"]
[Black "Dumjahn, Carsten"]
[Result "1/2-1/2"]
[WhiteElo "2028"]
[BlackElo "2021"]
[PlyCount "143"]
[EventDate "2014.08.21"]
[EventType "swiss"]
[EventRounds "7"]
[EventCountry "GER"]
[SourceTitle "EXT 2017"]
[Source "ChessBase"]
[SourceDate "2016.10.25"]
[SourceVersion "1"]
[SourceVersionDate "2016.10.25"]
[SourceQuality "1"]

1. d4 Nf6 2. Nf3 c5 3. d5 e6 4. Nc3 exd5 5. Nxd5 Nxd5 6. Qxd5 d6 7. e4 Nc6 8. c3 Be6 9. Qh5 g6 10. Qg5 Bg7 11. Be2 d5 12. exd5 Qxd5 13. Be3 b6 14. 0-0 0-0 15. Rfd1 Qf5 16. Qh4 Qg4 17. Qxg4 Bxg4 18. h3 Bf5 19. g4 Bc8 20. Rd6 Ne5 21. Bf4 f6 22. Rad1 Nf7 23. Bc4 Bb7 24. Ne1 Rae8 25. Rd7 Bc8 26. Rxa7 Re4 27. Bxf7+ Rxf7 28. Rxf7 Kxf7 29. Be3 f5 30. gxf5 Bxf5 31. Nf3 h6 32. Rd6 Re6 33. Rd7+ Kf8 34. Rd8+ Ke7 35. Rg8 Kf7 36. Rb8 Bxh3 37. Rb7+ Kf6 38. Nd2 Bf8 39. Nc4 g5 40. Nxb6 Bd6 41. Nd5+ Kf5 42. f3 g4 43. fxg4+ Bxg4 44. Kf2 h5 45. Rh7 Ke4 46. c4 Be5 47. Bxc5 Bxb2 48. Rf7 Be5 49. Be7 Ra6 50. a3 Bd4+ 51. Kg3 Be5+ 52. Kh4 Bb2 53. Rf4+ Ke5 54. Bf6+ Rxf6 55. Rxf6 Bxa3 56. Ra6 Bc5 57. Kg3 Be2 58. Nf4 Bg4 59. Nd3+ Kd4 60. Nxc5 Kxc5 61. Ra4 Be2 62. Kh4 Bg4 63. Kg5 Be2 64. Kh4 Bg4 65. Kg3 Kd4 66. Kf4 Be6 67. c5+ Kxc5 68. Ra5+ Kd6 69. Rxh5 Bd5 70. Rh6+ Kc5 71. Ke5 Bc4 72. Rh1 1/2-1/2

[Event "Hamburg-ch MA"]
[Site "Hamburg"]
[Date "2013.05.23"]
[Round "6"]
[White "Bildat, Juergen"]
[Black "Dumjahn, Carsten"]
[Result "1-0"]
[WhiteElo "2108"]
[BlackElo "2148"]
[PlyCount "109"]
[EventDate "2013.05.18"]
[EventType "swiss"]
[EventRounds "9"]
[EventCountry "GER"]
[SourceTitle "EXT 2022"]
[Source "ChessBase"]
[SourceDate "2021.10.06"]
[SourceVersion "1"]
[SourceVersionDate "2021.10.06"]
[SourceQuality "1"]

1. e4 e5 2. Nf3 Nc6 3. Bb5 a6 4. Ba4 Nf6 5. d3 b5 6. Bb3 Bc5 7. 0-0 d6 8. c3 0-0 9. a4 Be6 10. Bxe6 fxe6 11. axb5 axb5 12. Rxa8 Qxa8 13. Qb3 Qe8 14. Qxb5 Qd7 15. b4 Bb6 16. Bg5 Rb8 17. Qa6 Ne7 18. Nbd2 Ng6 19. Nc4 Qc6 20. Ra1 Nf4 21. Bxf4 exf4 22. Nxb6 Qxb6 23. Qxb6 cxb6 24. Nd4 Rc8 25. Nb5 Rc6 26. f3 e5 27. c4 Kf8 28. Ra7 Ne8 29. Rd7 Rc8 30. Nxd6 Ra8 31. h3 Nf6 32. Rf7+ Kg8 33. Rb7 Nh5 34. Kf2 Ng3 35. Ke1 h5 36. Rxb6 Ra1+ 37. Kd2 Ra2+ 38. Kd1 Rxg2 39. Rb8+ Kh7 40. Nf7 Nh1 41. Nxe5 Nf2+ 42. Kc1 Nxh3 43. c5 Ng5 44. Rf8 Ne6 45. Rf5 g6 46. Rf7+ Kg8 47. c6 h4 48. Rxf4 g5 49. Rf6 Nd4 50. Ng4 Kg7 51. c7 Rc2+ 52. Kd1 Rxc7 53. Kd2 Nc6 54. Rf5 Kg6 55. Rc5 1-0

[Event "Bayern-chI Bank Hofmann 16th"]
[Site "Bad Wiessee"]
[Date "2012.11.02"]
[Round "7"]
[White "Dumjahn, Carsten"]
[Black "Gawehns, Klaus"]
[Result "0-1"]
[WhiteElo "2139"]
[BlackElo "2380"]
[PlyCount "34"]
[EventDate "2012.10.27"]
[EventType "swiss"]
[EventRounds "9"]
[EventCountry "GER"]
[SourceTitle "EXT 2013"]
[Source "ChessBase"]
[SourceDate "2012.11.22"]
[SourceVersion "1"]
[SourceVersionDate "2012.11.22"]
[SourceQuality "1"]

1. e4 e6 2. d4 d5 3. Nc3 Bb4 4. a3 Bxc3+ 5. bxc3 dxe4 6. Qg4 Nf6 7. Qxg7 Rg8 8. Qh6 Nbd7 9. Ne2 b6 10. Bg5 Qe7 11. Ng3 Ng4 12. Bxe7 Nxh6 13. Bh4 Rg4 14. Be2 Rxh4 15. Nh5 Ng4 16. Nf4 Nxf2 17. Kxf2 Rxf4+ 0-1

[Event "Bargteheide op"]
[Site "Bargteheide"]
[Date "2012.05.19"]
[Round "5"]
[White "Schmidt, Harald"]
[Black "Dumjahn, Carsten"]
[Result "1-0"]
[WhiteElo "2368"]
[BlackElo "2118"]
[PlyCount "55"]
[EventDate "2012.05.17"]
[EventType "swiss"]
[EventRounds "7"]
[EventCountry "GER"]
[SourceTitle "CBM 148 Extra"]
[Source "ChessBase"]
[SourceDate "2012.06.22"]
[SourceVersion "1"]
[SourceVersionDate "2012.06.22"]
[SourceQuality "1"]

1. c4 c6 2. Nf3 d5 3. cxd5 cxd5 4. g3 Nf6 5. Bg2 Bg4 6. Ne5 Bh5 7. Nc3 e6 8. Qa4+ Nbd7 9. g4 Bg6 10. h4 Bc2 11. Qxc2 Nxe5 12. g5 Nfd7 13. d4 Nc6 14. Qd1 Qb6 15. e3 h6 16. Bd2 hxg5 17. hxg5 Rxh1+ 18. Bxh1 Nb4 19. Kf1 Be7 20. Bf3 Bxg5 21. Rc1 Nc6 22. b4 Nxb4 23. Rb1 Qa6+ 24. Kg2 Nc6 25. Nb5 Bd8 26. Be2 Qxa2 27. Ra1 Qb2 28. Bc3 1-0

[Event "Bayern-chI Bank Hofmann 15th"]
[Site "Bad Wiessee"]
[Date "2011.10.30"]
[Round "2"]
[White "Dumjahn, Carsten"]
[Black "Jakubiec, Artur"]
[Result "0-1"]
[WhiteElo "2118"]
[BlackElo "2528"]
[PlyCount "68"]
[EventDate "2011.10.29"]
[EventType "swiss"]
[EventRounds "9"]
[EventCountry "GER"]
[SourceTitle "EXT 2012"]
[Source "ChessBase"]
[SourceDate "2011.11.24"]
[SourceVersion "1"]
[SourceVersionDate "2011.11.24"]
[SourceQuality "1"]

1. d4 f5 2. Bg5 h6 3. Bh4 g5 4. e3 Nf6 5. Bg3 e6 6. Nc3 Bb4 7. Bd3 Bxc3+ 8. bxc3 d6 9. f3 Qe7 10. e4 f4 11. Bf2 e5 12. dxe5 dxe5 13. Qb1 Nc6 14. Qb5 a6 15. Qc5 Qxc5 16. Bxc5 Be6 17. a4 Nd7 18. Ba3 h5 19. Ne2 0-0-0 20. Kf2 g4 21. Rhb1 Rhg8 22. Ng1 Rg7 23. h3 gxh3 24. Nxh3 Nb6 25. Bc5 Nc4 26. Rg1 b6 27. Ba3 Rdg8 28. Bxc4 Bxc4 29. Rad1 Be6 30. Bb2 Na5 31. c4 Nxc4 32. Ba1 Ne3 33. Nxf4 Nxd1+ 34. Rxd1 exf4 0-1

[Event "Pinneberg-ch"]
[Site "Pinneberg"]
[Date "2011.09.08"]
[Round "4"]
[White "Wolff, Stefan"]
[Black "Dumjahn, Carsten"]
[Result "1-0"]
[WhiteElo "1989"]
[BlackElo "2118"]
[PlyCount "75"]
[EventDate "2011.08.18"]
[EventType "swiss"]
[EventRounds "7"]
[EventCountry "GER"]
[SourceTitle "CBM 144 Extra"]
[Source "ChessBase"]
[SourceDate "2011.10.28"]
[SourceVersion "1"]
[SourceVersionDate "2011.10.28"]
[SourceQuality "1"]

1. c4 c6 2. e4 e5 3. Nf3 d6 4. d4 Nd7 5. Nc3 Ngf6 6. Bg5 Be7 7. h3 0-0 8. Be2 exd4 9. Qxd4 Nc5 10. Bf4 Ne6 11. Qd2 Nxf4 12. Qxf4 Qb6 13. Rb1 Re8 14. 0-0 Be6 15. b4 Rad8 16. c5 dxc5 17. Na4 Bd6 18. e5 Nd5 19. Qc1 Qc7 20. exd6 Qxd6 21. bxc5 Qc7 22. Re1 Bf5 23. Rb3 Qf4 24. Qxf4 Nxf4 25. Re3 Rxe3 26. fxe3 Nd5 27. Bc4 Bc2 28. Bb3 Nb4 29. Nd4 Bg6 30. Nb2 Kf8 31. Kf2 b6 32. Rc1 Be4 33. Rc4 Na6 34. cxb6 axb6 35. Kg3 c5 36. Ne6+ fxe6 37. Rxe4 Rd2 38. Nc4 1-0

[Event "Hamburg-chT Landesliga 1011"]
[Site "Hamburg"]
[Date "2011.04.16"]
[Round "8.3"]
[White "Dumjahn, Carsten"]
[Black "Stelting, Thorsten"]
[Result "0-1"]
[WhiteElo "2119"]
[BlackElo "2248"]
[PlyCount "56"]
[EventDate "2010.10.10"]
[EventType "team-tourn"]
[EventRounds "9"]
[EventCountry "GER"]
[SourceTitle "EXT 2022"]
[Source "ChessBase"]
[SourceDate "2021.10.06"]
[SourceVersion "1"]
[SourceVersionDate "2021.10.06"]
[SourceQuality "1"]
[WhiteTeam "Eidelstedt"]
[BlackTeam "St Pauli"]
[WhiteTeamCountry "GER"]
[BlackTeamCountry "GER"]

1. Nf3 f5 2. d3 Nc6 3. e4 e5 4. Nc3 Bb4 5. Bg5 Nf6 6. exf5 d5 7. d4 exd4 8. Nxd4 0-0 9. Nxc6 bxc6 10. Bd3 h6 11. Bd2 c5 12. b3 c4 13. bxc4 Bxc3 14. Bxc3 d4 15. Ba5 Qe7+ 16. Kf1 Rb8 17. Qd2 Ne4 18. Bxe4 Qxe4 19. Bxc7 Rb2 20. f3 Qxf5 21. Qd3 Qc5 22. Bg3 Bf5 23. Qe2 Rxc2 24. Qe5 Qxc4+ 25. Kg1 Re2 26. Qc7 Qxc7 27. Bxc7 Rc8 28. Kf1 Bd3 0-1

[Event "Pinneberg-ch"]
[Site "Pinneberg"]
[Date "2010.09.09"]
[Round "3"]
[White "Dumjahn, Carsten"]
[Black "Atri, Jamshid"]
[Result "1-0"]
[WhiteElo "2119"]
[BlackElo "2038"]
[PlyCount "111"]
[EventDate "2010.08.26"]
[EventType "swiss"]
[EventRounds "7"]
[EventCountry "GER"]
[SourceTitle "EXT 2011"]
[Source "ChessBase"]
[SourceDate "2010.11.26"]
[SourceVersion "1"]
[SourceVersionDate "2010.11.26"]
[SourceQuality "1"]

1. c4 c5 2. Nc3 Nf6 3. g3 d5 4. cxd5 Nxd5 5. Bg2 Nc7 6. Qb3 Nc6 7. Bxc6+ bxc6 8. Qa4 Bb7 9. Nf3 e6 10. 0-0 Be7 11. Ne5 Qd4 12. Nc4 Nd5 13. Nb5 Nb6 14. Nc7+ Kd7 15. Nxb6+ axb6 16. Qxd4+ cxd4 17. Nxa8 Rxa8 18. d3 c5 19. Bd2 e5 20. Rfb1 Bd5 21. b3 f5 22. a4 e4 23. b4 c4 24. dxc4 Bxc4 25. e3 Bf6 26. exd4 Bxd4 27. Ra3 Bd3 28. Rxd3 exd3 29. Rb3 Bf6 30. Rxd3+ Ke6 31. a5 bxa5 32. bxa5 Bd8 33. Kf1 Bc7 34. Ke2 Ra7 35. Ra3 Ra6 36. Kd3 Kd5 37. Ra4 Be5 38. Bc3 Bxc3 39. Kxc3 Kc5 40. h4 g6 41. Kd3 Kd5 42. Ke3 Ke5 43. Ra2 h6 44. Ra4 g5 45. hxg5 hxg5 46. f4+ gxf4+ 47. gxf4+ Kd5 48. Kd3 Kc5 49. Kc3 Kb5 50. Ra2 Rc6+ 51. Kd4 Rc4+ 52. Ke5 Rc5+ 53. Kd6 Rc6+ 54. Kd7 Ra6 55. Re2 Kxa5 56. Ra2+ 1-0

[Event "Pinneberg-ch"]
[Site "Pinneberg"]
[Date "2010.08.26"]
[Round "1"]
[White "Dumjahn, Carsten"]
[Black "Cassens, Erhard Otto"]
[Result "1-0"]
[WhiteElo "2119"]
[BlackElo "1823"]
[PlyCount "40"]
[EventDate "2010.08.26"]
[EventType "swiss"]
[EventRounds "7"]
[EventCountry "GER"]
[SourceTitle "EXT 2011"]
[Source "ChessBase"]
[SourceDate "2010.11.26"]
[SourceVersion "1"]
[SourceVersionDate "2010.11.26"]
[SourceQuality "1"]

1. d4 e6 2. e4 c5 3. d5 d6 4. Nc3 e5 5. Bb5+ Nd7 6. a4 Be7 7. Nf3 a6 8. Bd3 Qc7 9. b3 Ndf6 10. h3 Bd7 11. a5 Bd8 12. Be3 Ne7 13. 0-0 0-0 14. Nd2 Ne8 15. Nc4 Qc8 16. f4 f6 17. fxe5 fxe5 18. Rxf8+ Kxf8 19. Qf3+ Kg8 20. Rf1 Ng6 1-0